000 00305pam a2200133a 44500
008 230405s xxu||||| |||| 00| 0 eng d
041 _aENG
100 _aMs.SWATI MAHAJAN
245 _aINDIAN ADMINISRATION
_bB.A.-II
260 _aPune
_bBVDU(pune)
_c
300 _a274
690 _aDONETED
906 _a7710
999 _c288521
_d288521